000 00391pab a2200145 454500
008 180718b2001 xxu||||| |||| 00| 0 eng d
100 _aMaitra, Shipra
245 _aFinancing urban development: flow of fund from external sources
260 _c2001
300 _ap.4647-655
362 _a15 Dec
650 _aUrban development
773 _aEconomic and Political Weekly
909 _a50829
999 _c50829
_d50829